000
00257nam a2200109Ia 4500
008
190216s9999||||xx |||||||||||||| ||und||
100
_a
Divakaran P V
245
0
_a
Hindi-Vyakarana Deepika
260
_b
Poorna Pubs Kozhikode
650
_a
Hindi
942
_c
BK
999
_c
15524
_d
15524